BIBLIOTECA

SENCICO

Construcción y colocación de elementos prefabricados de hormigón (Registro nro. 3502)

Detalles MARC
000 -LEADER
fixed length control field 00730nam a2200193Ia 4500
005 - DATE AND TIME OF LATEST TRANSACTION
control field 20251020182616.0
008 - FIXED-LENGTH DATA ELEMENTS--GENERAL INFORMATION
fixed length control field 200515s9999 xx 000 0 und d
082 ## - DEWEY DECIMAL CLASSIFICATION NUMBER
Classification number SC/693.6/S38
110 ## - MAIN ENTRY--CORPORATE NAME
Corporate name or jurisdiction name as entry element Sena
245 #0 - TITLE STATEMENT
Title Construcción y colocación de elementos prefabricados de hormigón
260 ## - PUBLICATION, DISTRIBUTION, ETC.
Place of publication, distribution, etc. Santa Fé de Bogotá, D.C.
260 ## - PUBLICATION, DISTRIBUTION, ETC.
Date of publication, distribution, etc. 1986
300 ## - PHYSICAL DESCRIPTION
Extent 123
520 ## - SUMMARY, ETC.
Summary, etc. La prefabricación es el proceso que permite armar un elemento grande a partir de varios elementos más pequeños, que se modulan y fabrican en serie de acuerdo a sus diversos usos. Estos elementos llamados prefabricados, tienen en común la uniformidad de di
650 ## - SUBJECT ADDED ENTRY--TOPICAL TERM
Topical term or geographic name entry element CONCRETO
650 ## - SUBJECT ADDED ENTRY--TOPICAL TERM
Topical term or geographic name entry element PREFABRICACION
650 ## - SUBJECT ADDED ENTRY--TOPICAL TERM
Topical term or geographic name entry element PUB SENA
942 ## - ADDED ENTRY ELEMENTS (KOHA)
Koha item type Libros
Existencias
Fecha de la última vez que lo usaron Pago total Signatura topográfica completa Código de barras Precio efectivo desde Tipo de documento Estado perdido Estado dañado No es para préstamo Retirado Ubicación permanente Ubicación actual Fecha de adquisición
15/05/2020   SC/693.6/S38 Bib-Lima15053502 15/05/2020 Libros         Biblioteca Central Lima Biblioteca Central Lima 15/05/2020